000 00590nam a2200205Ia 4500
005 20221026150438.0
008 131103s9999 xx 000 0 und d
040 _aLoreto College
041 _aEnglish
082 _a157
_bPAR
100 _aParkes,Colin Murray
245 _aBereavement
_b studies of grief in adult life
_cColin Murray Parkes
260 _aHarmondsworth
_bPenguin Books
_c1975
300 _a267 p.
504 _aIncludes bibliographical references and index
650 _aPsychology
651 _aPsychology/ Psychology Of Adults
850 _aLCLIB
942 _cBK
999 _c11029
_d61508